[Event "Copenhagen Chess Challenge 2017"]
[Site "Ballerup"]
[Date "2017.05.10"]
[Round "1.27"]
[White "Winkler, Finn Lukas"]
[Black "Veng, Johnny"]
[Result "0-1"]
[WhiteElo "1824"]
[BlackElo "2277"]
[PlyCount "109"]
[EventDate "2017.05.10"]

1. b4 c5 2. bxc5 e5 3. Bb2 Nc6 4. Nf3 Bxc5 5. e3 d6 6. d4 exd4 7. Nxd4 Nf6 8.
Bd3 O-O 9. Nxc6 bxc6 10. O-O Bg4 11. Qc1 Re8 12. c4 Rb8 13. Nd2 Bb6 14. Qc2 h6
15. Ne4 Nxe4 16. Bxe4 d5 17. Bd3 Qg5 18. Rfe1 Bf3 19. Bf1 Ba5 20. Bc3 Be4 21.
Qd2 Bc7 22. f4 Qg6 23. Bd4 Bb6 24. c5 Bd8 25. g3 Bf6 26. Bg2 Bf5 27. Bxf6 Qxf6
28. Qd4 Rb2 29. Qxf6 gxf6 30. h3 Kg7 31. g4 Bd3 32. Bf3 f5 33. Rad1 fxg4 34.
hxg4 Be4 35. Bxe4 Rxe4 36. Rd4 Re6 37. e4 dxe4 38. Rexe4 Rxe4 39. Rxe4 Rxa2 40.
Re7 Rc2 41. Rxa7 Rxc5 42. Kf2 Rc3 43. Rc7 Kg6 44. Kg2 f5 45. gxf5+ Kxf5 46.
Rf7+ Kg6 47. Rc7 h5 48. Rc8 c5 49. Rc6+ Kf5 50. Rh6 Kg4 51. f5 h4 52. f6 h3+
53. Kg1 Rf3 54. Kh2 c4 55. Rg6+ 0-1

[Event "Copenhagen Chess Challenge 2017"]
[Site "Ballerup"]
[Date "2017.05.10"]
[Round "1.28"]
[White "Akdag, Dara Sevkan"]
[Black "Liu, Casper Yukun"]
[Result "1-0"]
[WhiteElo "2240"]
[BlackElo "1803"]
[PlyCount "73"]
[EventDate "2017.05.10"]

1. Nf3 Nc6 2. d4 d6 3. g3 Bf5 4. Bg2 Nf6 5. O-O g6 6. b3 Bg7 7. Bb2 Nb4 8. Ne1
Be4 9. f3 Bc6 10. a3 Nbd5 11. Qd3 e5 12. e4 Nb6 13. d5 Bd7 14. a4 c6 15. a5
cxd5 16. axb6 Qxb6+ 17. Kh1 dxe4 18. fxe4 Ng4 19. Qf3 O-O 20. Nc3 f5 21. Nd5
Qc5 22. b4 Qb5 23. Qb3 Be6 24. exf5 Ne3 25. Ne7+ Kh8 26. Qxe3 Rae8 27. Qg5 Bf6
28. Nxg6+ hxg6 29. Qh6+ Kg8 30. Qxg6+ Bg7 31. f6 Rf7 32. Nd3 Bd5 33. fxg7 Bxg2+
34. Kxg2 Qc6+ 35. Kg1 Rxg7 36. Qh5 Qb6+ 37. Rf2 1-0

[Event "Copenhagen Chess Challenge 2017"]
[Site "Ballerup"]
[Date "2017.05.10"]
[Round "1.29"]
[White "Christophersen, David"]
[Black "O'Gorman, Tom"]
[Result "0-1"]
[WhiteElo "1788"]
[BlackElo "2229"]
[PlyCount "48"]
[EventDate "2017.05.10"]

1. c4 e5 2. g3 Nf6 3. Bg2 c6 4. Nc3 d5 5. cxd5 cxd5 6. e3 Nc6 7. Nge2 Bf5 8. a3
Qd7 9. d4 e4 10. O-O h5 11. h4 Bd6 12. Nf4 Bc7 13. f3 O-O-O 14. fxe4 dxe4 15.
Qa4 Bb6 16. Bd2 Rhg8 17. Rac1 Kb8 18. Qd1 Nxd4 19. Nxh5 Bg4 20. Nxf6 gxf6 21.
Qe1 Nf3+ 22. Bxf3 Bxf3 23. Rxf3 exf3 24. Rd1 Qh3 0-1

[Event "Copenhagen Chess Challenge 2017"]
[Site "Ballerup"]
[Date "2017.05.10"]
[Round "1.30"]
[White "Brinck Claussen, Bjorn"]
[Black "Winther, Bjarke Rosenborg"]
[Result "1-0"]
[WhiteElo "2227"]
[BlackElo "1784"]
[PlyCount "63"]
[EventDate "2017.05.10"]

1. d4 d5 2. c4 c6 3. Nf3 Nf6 4. Nc3 dxc4 5. a4 e6 6. e4 Be7 7. Bxc4 Na6 8. O-O
O-O 9. Qe2 Nb4 10. Rd1 Qa5 11. Bg5 Re8 12. e5 Nfd5 13. Bxe7 Rxe7 14. Ng5 h6 15.
Nge4 Nxc3 16. bxc3 Nd5 17. Qf3 Qd8 18. Rd3 Bd7 19. Qg4 Kh8 20. Rh3 Qf8 21. Rf3
b5 22. Bb3 a6 23. Nc5 Bc8 24. Qe4 Raa7 25. Bc2 Qg8 26. Qh4 f5 27. exf6 Nxf6 28.
Rxf6 gxf6 29. Qxh6+ Rh7 30. Bxh7 Rxh7 31. Qxf6+ Rg7 32. Re1 1-0

[Event "Copenhagen Chess Challenge 2017"]
[Site "Ballerup"]
[Date "2017.05.10"]
[Round "1.31"]
[White "Van den Brink, Nienke"]
[Black "Brondt, Nicolai Kvist"]
[Result "0-1"]
[WhiteElo "1756"]
[BlackElo "2213"]
[PlyCount "56"]
[EventDate "2017.05.10"]

1. c4 c5 2. Nc3 e6 3. e3 Nf6 4. Nf3 b6 5. d4 cxd4 6. exd4 Bb7 7. Bd3 Be7 8. O-O
d6 9. Re1 O-O 10. Qe2 Re8 11. Ng5 Bf8 12. Nce4 h6 13. Nxf6+ Qxf6 14. Ne4 Qh4
15. g3 Qd8 16. Qh5 Nd7 17. Ng5 Qf6 18. Bh7+ Kh8 19. Be4 Bxe4 20. Rxe4 g6 21.
Qh4 Kg8 22. Nh3 Qxh4 23. Rxh4 g5 24. Re4 Bg7 25. d5 exd5 26. Rxe8+ Rxe8 27.
cxd5 Re1+ 28. Kg2 Nc5 0-1

[Event "Copenhagen Chess Challenge 2017"]
[Site "Ballerup"]
[Date "2017.05.10"]
[Round "1.32"]
[White "Rebers, Eugene"]
[Black "Kvaloy, Aksel Bu"]
[Result "1-0"]
[WhiteElo "2200"]
[BlackElo "1706"]
[PlyCount "125"]
[EventDate "2017.05.10"]

1. Nf3 Nf6 2. g3 g6 3. Bg2 d5 4. O-O Bg7 5. d3 O-O 6. Nbd2 c5 7. e4 Nc6 8. Re1
Re8 9. exd5 Nxd5 10. c3 Nb6 11. Ne4 c4 12. d4 e5 13. Nxe5 Nxe5 14. dxe5 Qxd1
15. Rxd1 Bxe5 16. Bg5 Kg7 17. Nd6 Bxd6 18. Rxd6 Na4 19. b3 Nc5 20. Bf6+ Kg8 21.
b4 Nd3 22. Bd5 Be6 23. Bxb7 Rab8 24. Bc6 Rec8 25. Bd4 Rc7 26. Bg2 Re8 27. a4
Bc8 28. b5 Rce7 29. Bc6 Rf8 30. a5 Bb7 31. Bf6 Rc7 32. Bd8 Rc8 33. Bxb7 Rcxd8
34. Rxd8 Rxd8 35. Bc6 Kf8 36. f4 f5 37. Ra4 Nb2 38. Rb4 Rd1+ 39. Kg2 Rd2+ 40.
Kf1 Nd3 41. Rxc4 Rf2+ 42. Kg1 Rb2 43. Rd4 Nc5 44. Rb4 Rxb4 45. cxb4 Ne6 46. b6
axb6 47. a6 Ke7 48. a7 Nc7 49. a8=Q Nxa8 50. Bxa8 Kd6 51. b5 Kc5 52. Bc6 h6 53.
Kf2 Kd4 54. Be8 g5 55. Kf3 g4+ 56. Ke2 Ke4 57. Bd7 h5 58. Bc8 h4 59. Bd7 hxg3
60. hxg3 Kd4 61. Bxf5 Kc4 62. Bd7 Kd5 63. Bxg4 1-0

[Event "Copenhagen Chess Challenge 2017"]
[Site "Ballerup"]
[Date "2017.05.10"]
[Round "1.33"]
[White "Kallenbach, Uffe"]
[Black "Thorsbro, Peter"]
[Result "0-1"]
[WhiteElo "1698"]
[BlackElo "2195"]
[PlyCount "48"]
[EventDate "2017.05.10"]

1. e4 c6 2. d4 d5 3. exd5 cxd5 4. Bd3 Nf6 5. c4 dxc4 6. Bxc4 e6 7. Nf3 Be7 8.
Nc3 O-O 9. O-O a6 10. Re1 b5 11. Bb3 Bb7 12. Ne5 Nc6 13. Nxf7 Rxf7 14. Bxe6
Nxd4 15. Bxf7+ Kxf7 16. Be3 Nf5 17. Qb3+ Kf8 18. Rad1 Qc7 19. Bg5 Qc6 20. f3
Bc5+ 21. Kh1 Qxf3 22. Qc2 Qg4 23. Bxf6 Ng3+ 24. hxg3 Qh3# 0-1

[Event "Copenhagen Chess Challenge 2017"]
[Site "Ballerup"]
[Date "2017.05.10"]
[Round "1.34"]
[White "Andreasen, Joan Hendrik"]
[Black "Hentley, Darryl"]
[Result "1-0"]
[WhiteElo "2189"]
[BlackElo "1643"]
[PlyCount "73"]
[EventDate "2017.05.10"]

1. d4 g6 2. c4 Bg7 3. Nc3 Nf6 4. e4 d6 5. f3 a6 6. Be3 Bd7 7. e5 Ng8 8. f4 e6
9. Nf3 Ne7 10. Be2 O-O 11. O-O Nf5 12. Bf2 Be8 13. Qb3 b6 14. g4 Nh6 15. h3 Kh8
16. Rad1 f6 17. Bh4 g5 18. fxg5 fxg5 19. Nxg5 Qd7 20. Rxf8+ Bxf8 21. Nce4 Bg7
22. Qf3 Nc6 23. Nf6 Qc8 24. Qe4 Bg6 25. Qxc6 Bxf6 26. exf6 Nf7 27. Nxf7+ Bxf7
28. Bf3 Rb8 29. Qe4 Qd7 30. Re1 Re8 31. Qc6 Qd8 32. Kg2 Rg8 33. Qe4 h5 34. Qf4
Qf8 35. Bf2 e5 36. dxe5 dxe5 37. Rxe5 1-0

[Event "Copenhagen Chess Challenge 2017"]
[Site "Ballerup"]
[Date "2017.05.10"]
[Round "1.35"]
[White "Sundin, Sven Ingvar"]
[Black "Jacobsen, Mikkel Manosri"]
[Result "0-1"]
[WhiteElo "1605"]
[BlackElo "2187"]
[PlyCount "62"]
[EventDate "2017.05.10"]

1. e4 c6 2. d4 d5 3. Nc3 dxe4 4. Nxe4 Bf5 5. Ng3 Bg6 6. h4 h6 7. h5 Bh7 8. Bc4
e6 9. N1e2 Qb6 10. O-O Nd7 11. Re1 Bd6 12. c3 Ne7 13. Bd3 Bxd3 14. Qxd3 Nf6 15.
b3 c5 16. Be3 O-O 17. dxc5 Bxc5 18. Bxc5 Qxc5 19. Qf3 Nc6 20. Rac1 Ne5 21. Qxb7
Nd3 22. Qf3 Nxe1 23. Rxe1 Qa3 24. Nc1 Rad8 25. Nf1 Rd5 26. g4 Nxg4 27. Ne3 Nxe3
28. fxe3 Rf5 29. Qe2 Qd6 30. Qh2 Rg5+ 31. Kh1 Qc6+ 0-1

[Event "Copenhagen Chess Challenge 2017"]
[Site "Ballerup"]
[Date "2017.05.10"]
[Round "1.36"]
[White "Moe, Mogens"]
[Black "Nielsen, Thomas (1994)"]
[Result "1-0"]
[WhiteElo "2185"]
[BlackElo "1582"]
[PlyCount "63"]
[EventDate "2017.05.10"]

1. e4 e6 2. d4 d5 3. Nd2 Nf6 4. e5 Nfd7 5. Bd3 c5 6. c3 Nc6 7. Ne2 Qb6 8. Nf3
cxd4 9. cxd4 Bb4+ 10. Bd2 f6 11. exf6 Nxf6 12. O-O O-O 13. Bg5 Bd6 14. Qb1 e5
15. Bxf6 e4 16. Be5 Nxe5 17. Nxe5 Bxe5 18. dxe5 exd3 19. Qxd3 Qxb2 20. Qxd5+
Kh8 21. Ng3 Bf5 22. e6 Qf6 23. e7 Rf7 24. Nxf5 Re8 25. Nd6 Rexe7 26. Nxf7+ Rxf7
27. Rac1 h6 28. Rc8+ Kh7 29. Qe4+ g6 30. Qe8 Qg7 31. Rfc1 Re7 32. Qxe7 1-0

[Event "Copenhagen Chess Challenge 2017"]
[Site "Ballerup"]
[Date "2017.05.11"]
[Round "2.1"]
[White "Andersen, Mads"]
[Black "Kleinman, Michael"]
[Result "1-0"]
[WhiteElo "2582"]
[BlackElo "2335"]
[PlyCount "77"]
[EventDate "2017.05.10"]

1. d4 Nf6 2. c4 g6 3. Nf3 Bg7 4. e3 O-O 5. Be2 c5 6. d5 e6 7. Nc3 exd5 8. cxd5
d6 9. O-O Na6 10. Nd2 Nc7 11. e4 Re8 12. a4 b6 13. Re1 Rb8 14. Rb1 Nd7 15. Nc4
Ne5 16. Ne3 g5 17. Bd2 Na6 18. Bb5 Rf8 19. Nf5 Bxf5 20. exf5 Nb4 21. Ne4 g4 22.
Bg5 f6 23. Bd2 a6 24. Be2 Qd7 25. Bxb4 cxb4 26. Bxa6 Qxf5 27. Nxd6 Qg6 28. Bf1
f5 29. Nc4 Rbe8 30. d6 Nd7 31. Re7 Nc5 32. Qd5+ Kh8 33. Ne5 Qf6 34. Rxe8 Rxe8
35. d7 Nxd7 36. Nf7+ Kg8 37. Nd6+ Re6 38. Bc4 Nc5 39. Re1 1-0

[Event "Copenhagen Chess Challenge 2017"]
[Site "Ballerup"]
[Date "2017.05.11"]
[Round "2.2"]
[White "Bjerre, Jonas Buhl"]
[Black "Rasmussen, Allan Stig"]
[Result "0-1"]
[WhiteElo "2338"]
[BlackElo "2547"]
[PlyCount "130"]
[EventDate "2017.05.10"]

1. e4 c6 2. d4 d5 3. Nc3 dxe4 4. Nxe4 Nf6 5. Nxf6+ exf6 6. c3 Bd6 7. Bd3 O-O 8.
Qc2 Re8+ 9. Ne2 h5 10. O-O g6 11. Bxg6 f5 12. Bxf5 Bxf5 13. Qxf5 Rxe2 14. Qxh5
Re4 15. Bg5 Be7 16. f4 Bxg5 17. fxg5 Qe8 18. Rf3 Re1+ 19. Rxe1 Qxe1+ 20. Rf1
Qe6 21. Rf6 Qe1+ 22. Rf1 Qe8 23. Rf2 Nd7 24. Re2 Qd8 25. g6 Nf6 26. gxf7+ Kg7
27. Qe5 Qd5 28. Rf2 Qxe5 29. dxe5 Ng4 30. Rf5 Nh6 31. Rf4 Nxf7 32. e6 Ng5 33.
Rd4 Kf6 34. Rd7 Kxe6 35. Rxb7 Ne4 36. Kf1 a5 37. Ke2 a4 38. Rh7 Rb8 39. Kd3 Nf6
40. Rc7 Kd6 41. Rf7 Nd5 42. Rf2 Rg8 43. g3 Rg4 44. Re2 a3 45. bxa3 Ra4 46. Rc2
Rxa3 47. Kd2 Ke5 48. Rc1 Rxa2+ 49. Rc2 Ra3 50. Rc1 Ra2+ 51. Rc2 Rxc2+ 52. Kxc2
Ne3+ 53. Kd3 Nf1 54. h4 Nxg3 55. Kc4 Kd6 56. Kb4 Kc7 57. Kc5 Kb7 58. Kb4 Kb8
59. c4 Kc7 60. Ka5 Kb7 61. c5 Kc7 62. Ka6 Ne4 63. h5 Nxc5+ 64. Ka5 Nd7 65. h6
Nf6 0-1

[Event "Copenhagen Chess Challenge 2017"]
[Site "Ballerup"]
[Date "2017.05.11"]
[Round "2.3"]
[White "Chatalbashev, Boris"]
[Black "Kristensen, Kaare Hove"]
[Result "1/2-1/2"]
[WhiteElo "2546"]
[BlackElo "2329"]
[PlyCount "112"]
[EventDate "2017.05.10"]

1. c4 Nf6 2. Nc3 c6 3. Nf3 d5 4. e3 e6 5. b3 Bd6 6. Bb2 O-O 7. Qc2 Nbd7 8. Be2
Qe7 9. Rd1 a6 10. d4 b6 11. O-O Bb7 12. e4 Nxe4 13. Nxe4 dxe4 14. Qxe4 f5 15.
Qe3 c5 16. Rfe1 Rad8 17. Bf1 cxd4 18. Qxd4 Nc5 19. Qe3 Bxf3 20. Qxf3 Ne4 21.
Bd4 Bb4 22. Bxb6 Bxe1 23. Bxd8 Bxf2+ 24. Qxf2 Rxd8 25. Rxd8+ Qxd8 26. Qe3 Qd6
27. g4 g6 28. Be2 a5 29. gxf5 gxf5 30. Kg2 Qe5 31. Bf3 Qb2+ 32. Kh3 Qd2 33.
Qxd2 Nxd2 34. Bb7 Kf7 35. Kg2 Ke7 36. c5 e5 37. Kf2 e4 38. Ke3 Nf3 39. h3 Ng5
40. a3 Kf6 41. b4 axb4 42. axb4 Ne6 43. Bxe4 fxe4 44. Kxe4 Nc7 45. Kd4 Ke6 46.
Kc4 Kd7 47. h4 Kc6 48. Kd4 Ne6+ 49. Ke5 Nxc5 50. bxc5 Kxc5 51. h5 h6 52. Ke6
Kc6 53. Kf6 Kd6 54. Kg6 Ke6 55. Kxh6 Kf7 56. Kh7 Kf6 1/2-1/2

[Event "Copenhagen Chess Challenge 2017"]
[Site "Ballerup"]
[Date "2017.05.11"]
[Round "2.4"]
[White "Lokander, Martin"]
[Black "Urkedal, Frode"]
[Result "1/2-1/2"]
[WhiteElo "2333"]
[BlackElo "2540"]
[PlyCount "60"]
[EventDate "2017.05.10"]

1. d4 Nf6 2. c4 e6 3. Nc3 Bb4 4. Qc2 b6 5. e4 c5 6. a3 Bxc3+ 7. bxc3 Bb7 8. Bd3
b5 9. Qb1 cxd4 10. cxd4 bxc4 11. Qxb7 cxd3 12. Qxa8 Qb6 13. Ra2 O-O 14. Rb2 d2+
15. Kxd2 Qxd4+ 16. Ke1 Qc3+ 17. Kd1 Qd3+ 18. Ke1 Qc3+ 19. Kd1 Qd3+ 20. Ke1 Qc3+
21. Kd1 Qd3+ 22. Ke1 Qc3+ 23. Kd1 Qd3+ 24. Ke1 Qc3+ 25. Kd1 Qd3+ 26. Ke1 Qc3+
27. Kd1 Qd3+ 28. Ke1 Qc3+ 29. Kd1 Qd3+ 30. Ke1 Qc3+ 1/2-1/2

[Event "Copenhagen Chess Challenge 2017"]
[Site "Ballerup"]
[Date "2017.05.11"]
[Round "2.5"]
[White "Reimanis, Ritvars"]
[Black "Hansen, Mads"]
[Result "0-1"]
[WhiteElo "2302"]
[BlackElo "2440"]
[PlyCount "58"]
[EventDate "2017.05.10"]

1. d4 Nf6 2. c4 e6 3. Nc3 Bb4 4. Qc2 d5 5. cxd5 Qxd5 6. e3 c5 7. a3 Bxc3+ 8.
bxc3 O-O 9. Nf3 b6 10. Bd3 c4 11. Be2 Bb7 12. a4 Nc6 13. Rg1 Rfe8 14. Nd2 Na5
15. Ba3 e5 16. Bb4 exd4 17. cxd4 Nb3 18. Nxb3 cxb3 19. Qc4 Rac8 20. Qxd5 Nxd5
21. Ba3 Rc2 22. Bd1 b2 23. Rb1 Nxe3 24. Bxc2 Nxc2+ 25. Kd1 Nxa3 26. Rxb2 Bc6
27. Rb4 a5 28. Rxb6 Bxa4+ 29. Kc1 Rc8+ 0-1

[Event "Copenhagen Chess Challenge 2017"]
[Site "Ballerup"]
[Date "2017.05.11"]
[Round "2.6"]
[White "Veng, Johnny"]
[Black "Ochsner, Bjorn Moller"]
[Result "1/2-1/2"]
[WhiteElo "2277"]
[BlackElo "2436"]
[PlyCount "120"]
[EventDate "2017.05.10"]

1. d4 Nf6 2. Nf3 g6 3. Nc3 d5 4. Bf4 Bg7 5. Nb5 Na6 6. e3 c6 7. Nc3 Qb6 8. a3
Ne4 9. Nxe4 dxe4 10. Nd2 Qxb2 11. Bxa6 bxa6 12. O-O c5 13. c3 Bf5 14. Nb3 cxd4
15. cxd4 O-O 16. Qb1 Qxb1 17. Raxb1 Rac8 18. Rfc1 Rfe8 19. Bc7 Bd7 20. Nd2 Bb5
21. Rc5 Bf8 22. Rbc1 e5 23. Bd6 Rxc5 24. dxc5 Bxd6 25. cxd6 f5 26. f3 exf3 27.
Nxf3 Rd8 28. Nxe5 Rxd6 29. Rc7 Re6 30. Nf7 Rxe3 31. Nh6+ Kf8 32. a4 Be8 33.
Rxh7 Re7 34. Rxe7 Kxe7 35. a5 Kf6 36. g4 f4 37. h4 Ke5 38. Kf2 Bd7 39. Kf3 Bc6+
40. Ke2 Ke4 41. Nf7 f3+ 42. Kf2 Bd5 43. Nh8 Kf4 44. Nxg6+ Kxg4 45. Ne5+ Kf4 46.
Ng6+ Ke4 47. Ne7 Bb7 48. h5 Ke5 49. h6 Kf6 50. h7 Kg7 51. Ng6 Kxh7 52. Ne5 Kg7
53. Nxf3 Kf6 54. Ke3 Ke6 55. Nd4+ Kd5 56. Kd3 Kc5 57. Kc3 Bd5 58. Nc2 Kb5 59.
Nb4 Bb7 60. Nxa6 Bxa6 1/2-1/2

[Event "Copenhagen Chess Challenge 2017"]
[Site "Ballerup"]
[Date "2017.05.11"]
[Round "2.7"]
[White "Percivaldi, Martin"]
[Black "Stojanovski, Sandi"]
[Result "1-0"]
[WhiteElo "2421"]
[BlackElo "2277"]
[PlyCount "127"]
[EventDate "2017.05.10"]

1. Nf3 Nf6 2. c4 c5 3. Nc3 e6 4. g3 b6 5. Bg2 Bb7 6. O-O Be7 7. d4 cxd4 8. Qxd4
d6 9. Bg5 O-O 10. Rfd1 Na6 11. Nb5 d5 12. cxd5 Qxd5 13. Qa4 Nc5 14. Qc2 Qe4 15.
Qxe4 Bxe4 16. Ne5 Bxg2 17. Kxg2 Rfc8 18. Rac1 a6 19. Nd4 Bf8 20. Nc4 Nd5 21.
Bd2 Ne4 22. Be1 Nd6 23. Nxd6 Rxc1 24. Rxc1 Bxd6 25. e4 Ne7 26. Nc6 Nxc6 27.
Rxc6 Bc5 28. f4 h6 29. b4 Bd4 30. Rd6 Be3 31. Kf3 Bg1 32. Bd2 b5 33. Kg2 Ba7
34. Rxa6 Rd8 35. Be1 Rd1 36. Kf1 Bg1 37. h3 Bh2 38. Ke2 Rb1 39. Ra5 Rb2+ 40.
Kd3 Rg2 41. Rxb5 Rxa2 42. Rc5 Rg2 43. Rc2 Rg1 44. Bf2 Rg2 45. Be1 Rg1 46. Rxh2
Rxe1 47. Rb2 Kf8 48. b5 Rd1+ 49. Kc4 Rc1+ 50. Kd4 Rd1+ 51. Kc5 Ke7 52. b6 Rc1+
53. Kb5 Kd7 54. Rb4 Ra1 55. Rc4 Ra3 56. b7 Rb3+ 57. Ka6 Ra3+ 58. Kb6 Rb3+ 59.
Ka7 Ra3+ 60. Kb8 Rxg3 61. Rd4+ Ke7 62. Rb4 Kd7 63. Ka7 Kc6 64. Rb6+ 1-0

[Event "Copenhagen Chess Challenge 2017"]
[Site "Ballerup"]
[Date "2017.05.11"]
[Round "2.8"]
[White "O'Gorman, Tom"]
[Black "Hagen, Andreas Skytte"]
[Result "1-0"]
[WhiteElo "2229"]
[BlackElo "2389"]
[PlyCount "59"]
[EventDate "2017.05.10"]

1. e4 e5 2. Nf3 Nc6 3. Bb5 Nf6 4. O-O Nxe4 5. Re1 Nd6 6. Nxe5 Be7 7. Bf1 Nf5 8.
Nf3 O-O 9. d4 d5 10. c3 Bd6 11. Qc2 h6 12. Bd3 Qf6 13. Nbd2 Be6 14. Nf1 Nce7
15. Ne3 Nh4 16. Nxh4 Qxh4 17. g3 Qf6 18. f4 Bh3 19. Qe2 c5 20. Qh5 Bd7 21. f5
Qg5 22. Qf3 Nc6 23. Nxd5 Qd8 24. f6 g6 25. Bxh6 Re8 26. Bg5 Kh8 27. Re4 Rxe4
28. Qxe4 Qg8 29. Ne7 Qh7 30. Qd5 1-0

[Event "Copenhagen Chess Challenge 2017"]
[Site "Ballerup"]
[Date "2017.05.11"]
[Round "2.9"]
[White "Pfreundt, Jakob"]
[Black "Akdag, Dara Sevkan"]
[Result "1-0"]
[WhiteElo "2388"]
[BlackElo "2240"]
[PlyCount "121"]
[EventDate "2017.05.10"]

1. Nf3 Nf6 2. b3 d5 3. Bb2 e6 4. c4 Be7 5. g3 c5 6. Bg2 Nc6 7. e3 dxc4 8. bxc4
Qd3 9. Na3 e5 10. Qe2 Qf5 11. d3 O-O 12. Nh4 Qg5 13. h3 Ne8 14. Nf3 Qh5 15.
Nxe5 Qh6 16. Be4 Nxe5 17. Bxe5 Qa6 18. Nb5 Nd6 19. Nxd6 Bxd6 20. Bc3 Be7 21.
Qh5 f5 22. Bd5+ Be6 23. Bxe6+ Qxe6 24. Qf3 Rad8 25. Rd1 Qa6 26. Rd2 b5 27. cxb5
Qxb5 28. Qe2 Bf6 29. Bxf6 Rxf6 30. O-O Rfd6 31. Rfd1 Rd5 32. Kg2 Qa6 33. Rc2
Qb5 34. Rdc1 f4 35. exf4 Rxd3 36. Qe6+ Kh8 37. Rxc5 Qb7+ 38. Qc6 Qb2 39. R5c2
Qd4 40. Qb7 h6 41. Rc8 Kh7 42. Rxd8 Qxd8 43. Rc7 Qd4 44. Re7 Rd2 45. Qb1+ Kg8
46. Re8+ Kf7 47. Qe1 Rxf2+ 48. Qxf2 Qxf2+ 49. Kxf2 Kxe8 50. Ke3 Ke7 51. Ke4 Kf6
52. g4 Ke6 53. Kd4 Kd6 54. f5 Kd7 55. Kd5 Ke7 56. Ke5 Kf7 57. h4 Ke7 58. g5
hxg5 59. hxg5 a5 60. a4 Kf7 61. Kd6 1-0

[Event "Copenhagen Chess Challenge 2017"]
[Site "Ballerup"]
[Date "2017.05.11"]
[Round "2.10"]
[White "Brondt, Nicolai Kvist"]
[Black "Aabling Thomsen, Jakob"]
[Result "1/2-1/2"]
[WhiteElo "2213"]
[BlackElo "2382"]
[PlyCount "101"]
[EventDate "2017.05.10"]

1. c4 g6 2. d4 Bg7 3. Nc3 d6 4. Nf3 Nd7 5. Qc2 e5 6. dxe5 dxe5 7. Bg5 Ne7 8.
Nd5 f6 9. Bd2 c6 10. Nxe7 Qxe7 11. e3 Nc5 12. b4 Bf5 13. Qc3 Ne4 14. Qb2 Bg4
15. Rd1 f5 16. Be2 O-O 17. O-O Nxd2 18. Rxd2 Bxf3 19. gxf3 e4 20. Qb1 Bc3 21.
Rc2 Bxb4 22. f4 b6 23. Qa1 Qg7 24. Qxg7+ Kxg7 25. Rd1 Rfd8 26. Rcc1 Kf6 27.
Rxd8 Rxd8 28. Rd1 Bd2 29. Bf1 Ke7 30. Bg2 h6 31. Kf1 g5 32. fxg5 hxg5 33. Ke2
Bb4 34. Rxd8 Kxd8 35. f3 exf3+ 36. Kxf3 Kd7 37. e4 fxe4+ 38. Kxe4 Kd6 39. Kd3
a5 40. a4 Be1 41. h3 Kc5 42. Kc2 b5 43. cxb5 cxb5 44. axb5 Kxb5 45. Kb3 a4+ 46.
Ka2 Kb4 47. Bb7 Bg3 48. Bc8 Bd6 49. Bg4 Kc3 50. Bd7 a3 51. Bg4 1/2-1/2

[Event "Copenhagen Chess Challenge 2017"]
[Site "Ballerup"]
[Date "2017.05.11"]
[Round "2.11"]
[White "Getz, Nicolai"]
[Black "Brinck Claussen, Bjorn"]
[Result "1-0"]
[WhiteElo "2378"]
[BlackElo "2227"]
[PlyCount "109"]
[EventDate "2017.05.10"]

1. e4 e6 2. d4 d5 3. Nd2 c5 4. exd5 Qxd5 5. Ngf3 cxd4 6. Bc4 Qd6 7. O-O Nf6 8.
Nb3 Nc6 9. Nbxd4 Nxd4 10. Nxd4 a6 11. a4 Bd7 12. b3 Qc7 13. Bb2 Bd6 14. h3 e5
15. Nf3 O-O 16. Re1 Rae8 17. Qd2 e4 18. Bxf6 Bf4 19. Qd4 exf3 20. Bxg7 Bh2+ 21.
Kh1 fxg2+ 22. Kxg2 Rxe1 23. Rxe1 Bc6+ 24. Bd5 Bxd5+ 25. Qxd5 Kxg7 26. Qg5+ Kh8
27. Qf6+ Kg8 28. Re4 Qc6 29. Qxc6 bxc6 30. Rg4+ Kh8 31. Kxh2 Rd8 32. Rc4 Rd6
33. Kg3 Kg7 34. Rc5 Kf8 35. Kg2 Ke7 36. Ra5 Rd2 37. c4 Rb2 38. Rxa6 Rxb3 39.
Rxc6 Ra3 40. h4 Rxa4 41. Kg3 Kf8 42. h5 h6 43. Kf4 Kg7 44. Rc5 Ra2 45. f3 Rh2
46. Ke4 Rh1 47. Rf5 Kf8 48. Kd5 Ke7 49. c5 Rd1+ 50. Kc6 Ke6 51. Rf4 f5 52. Ra4
Rh1 53. Kb7 Rxh5 54. c6 Rh1 55. Ra6 1-0

[Event "Copenhagen Chess Challenge 2017"]
[Site "Ballerup"]
[Date "2017.05.11"]
[Round "2.12"]
[White "Thorsbro, Peter"]
[Black "Arman, Deniz"]
[Result "1/2-1/2"]
[WhiteElo "2195"]
[BlackElo "2377"]
[PlyCount "137"]
[EventDate "2017.05.10"]

1. d4 Nf6 2. c4 c5 3. d5 b5 4. cxb5 a6 5. bxa6 Bxa6 6. Nc3 d6 7. Nf3 g6 8. g3
Bg7 9. Bg2 O-O 10. Rb1 Qa5 11. Bd2 Nbd7 12. Qc2 Bb7 13. O-O Qa6 14. e4 e6 15.
dxe6 fxe6 16. Ng5 Rae8 17. a4 h6 18. Nh3 Ne5 19. Nb5 Bxe4 20. Bxe4 Nxe4 21. f4
Nc4 22. Bc1 d5 23. b3 Ncd6 24. Nc7 Qc6 25. Nxe8 Bd4+ 26. Kh1 Qxe8 27. Bb2 Nf5
28. Bxd4 cxd4 29. Qd3 h5 30. Ng1 Qc6 31. Nf3 Qc3 32. Qa6 Qc2 33. Qxe6+ Kg7 34.
Qe5+ Kh6 35. Nxd4 Nf2+ 36. Rxf2 Qxb1+ 37. Kg2 Nxd4 38. Qxd4 Qxb3 39. Rb2 Qc4
40. Qxc4 dxc4 41. Rc2 Rc8 42. Rc3 Rd8 43. Rxc4 Rd2+ 44. Kh3 Ra2 45. Rc6 Rxa4
46. f5 Rg4 47. Rxg6+ Rxg6 48. fxg6 Kxg6 49. Kg2 Kf6 50. h3 Ke6 51. Kf2 Kf6 52.
Ke2 Ke6 53. Kd2 Kd6 54. Kc3 Kc5 55. Kc2 Kc6 56. Kd1 Kd7 57. Ke2 Ke6 58. Ke3 Ke5
59. Kd2 Kd6 60. Kd3 Kd5 61. Ke3 Ke5 62. g4 hxg4 63. hxg4 Kf6 64. Kf4 Kg6 65. g5
Kg7 66. Kf5 Kf7 67. g6+ Kg7 68. Kg5 Kg8 69. Kh6 1/2-1/2

[Event "Copenhagen Chess Challenge 2017"]
[Site "Ballerup"]
[Date "2017.05.11"]
[Round "2.13"]
[White "Englert, Fabian"]
[Black "Rebers, Eugene"]
[Result "1-0"]
[WhiteElo "2375"]
[BlackElo "2200"]
[PlyCount "59"]
[EventDate "2017.05.10"]

1. e4 d6 2. d4 Nf6 3. Nc3 g6 4. f4 Bg7 5. Nf3 O-O 6. e5 dxe5 7. fxe5 Nd5 8. Bc4
Be6 9. Qe2 Nxc3 10. bxc3 Bxc4 11. Qxc4 Nc6 12. Bg5 Na5 13. Qc5 b6 14. Qxe7 Qxe7
15. Bxe7 Rfe8 16. Bh4 f6 17. O-O fxe5 18. Nxe5 Bxe5 19. dxe5 Rxe5 20. Rad1 Rf8
21. Rxf8+ Kxf8 22. Rd8+ Kg7 23. Rd7+ Kh6 24. Rxc7 Re2 25. Bf2 Rxc2 26. Be3+ g5
27. h4 Kh5 28. Bxg5 Kg4 29. Kh2 h5 30. Rf7 1-0

[Event "Copenhagen Chess Challenge 2017"]
[Site "Ballerup"]
[Date "2017.05.11"]
[Round "2.14"]
[White "Nikolovski, Nikola"]
[Black "Andreasen, Joan Hendrik"]
[Result "1-0"]
[WhiteElo "2366"]
[BlackElo "2189"]
[PlyCount "41"]
[EventDate "2017.05.10"]

1. e4 e6 2. Nc3 d5 3. f4 Nf6 4. d3 dxe4 5. Nxe4 Nd5 6. Nf3 g6 7. g3 Bg7 8. Bg2
O-O 9. O-O b6 10. Ne5 c6 11. Qe2 Qc7 12. Bd2 Nd7 13. c4 Ne7 14. Bc3 Bb7 15.
Nxd7 Qxd7 16. Nf6+ Bxf6 17. Bxf6 c5 18. Bxb7 Qxb7 19. g4 Rfe8 20. Qe5 Nc6 21.
Qg5 1-0

[Event "Copenhagen Chess Challenge 2017"]
[Site "Ballerup"]
[Date "2017.05.11"]
[Round "2.15"]
[White "Jacobsen, Mikkel Manosri"]
[Black "Rostgaard, Tobias Valentin"]
[Result "0-1"]
[WhiteElo "2187"]
[BlackElo "2366"]
[PlyCount "90"]
[EventDate "2017.05.10"]

1. e4 e5 2. Nf3 Nc6 3. Bb5 Nf6 4. d3 Bc5 5. O-O d6 6. h3 a6 7. Ba4 b5 8. Bb3
Na5 9. Bg5 Nxb3 10. axb3 h6 11. Be3 Bxe3 12. fxe3 O-O 13. Nc3 c6 14. Qd2 Be6
15. b4 Nd7 16. d4 f6 17. Nh4 Nb6 18. d5 cxd5 19. exd5 Bc8 20. Qd3 Qc7 21. b3
Bd7 22. e4 Nc8 23. Ne2 Ne7 24. g4 a5 25. c3 Rfc8 26. Qe3 Kh7 27. Kh2 a4 28.
bxa4 bxa4 29. Rf3 a3 30. Ng3 a2 31. Nh5 Ng8 32. Nf5 Bxf5 33. gxf5 Qc4 34. Nxg7
Kxg7 35. Rg3+ Kh7 36. Qg1 Qxe4 37. Rg7+ Kh8 38. Qg6 Qe2+ 39. Kh1 Qf3+ 40. Kh2
Qf4+ 41. Kh1 Qe4+ 42. Kh2 Qc2+ 43. Kh1 Qb1+ 44. Kh2 Qb2+ 45. Kg3 Rxc3+ 0-1

[Event "Copenhagen Chess Challenge 2017"]
[Site "Ballerup"]
[Date "2017.05.11"]
[Round "2.16"]
[White "Haubro, Martin"]
[Black "Moe, Mogens"]
[Result "1-0"]
[WhiteElo "2356"]
[BlackElo "2185"]
[PlyCount "57"]
[EventDate "2017.05.10"]

1. e4 c5 2. Nf3 e6 3. d4 cxd4 4. Nxd4 Nc6 5. Nc3 Qc7 6. Be3 a6 7. Qd2 Nf6 8.
O-O-O b5 9. f3 Ne5 10. g4 Bb4 11. g5 Nh5 12. Kb1 Nc4 13. Bxc4 Qxc4 14. Nb3 O-O
15. Bd4 a5 16. Qd3 Nf4 17. Qe3 Ng6 18. h4 Rd8 19. h5 Nf8 20. h6 Ng6 21. hxg7
Bxc3 22. Bxc3 e5 23. f4 b4 24. Qh3 Kxg7 25. Qxh7+ Kf8 26. f5 bxc3 27. f6 Ke8
28. Qh8+ Nf8 29. Qxf8+ 1-0